Statistics for Spanish-Personality Part II

Click here to take the quiz!

General Stats

  • This quiz has been taken 12 times
  • The average score is 11 of 19

Answer Stats

SpanishEnglish % Correct
InteligenteIntelligent
100%
Estúpido/aStupid
100%
Loco/aCrazy
91%
IdiotaIdiot
91%
Activo/aActive
82%
SociableSociable
82%
Serio/aSerious
73%
Simpático/aNice
64%
PesimistaPessimistic
64%
Cariñoso/aAffectionate
55%
Afectuoso/aAffectionate
55%
Vago/aLazy
45%
Perezoso/aLazy
45%
AmableKind
36%
DeportistaSporty
36%
Sincero/aHonest
27%
Pesado/aAnnoying
9%
Tavieso/aNaughty
9%
Maleducado/aImpolite
0%

Score Distribution

Percentile by Number Answered

Percent of People with Each Score

Your Score History

You have not taken this quiz